Pareto distribution in non-life insurance

Konkurenčné prostredie poistného trhu vyžaduje nové, exaktnejšie prístupy k riešeniu zásadných otázok činnosti poisťovní, ktorých základom je znalosť zákonov rozdelenia pravdepodobnosti počtu a výšky poistných plnení. Výhodné vlastnosti modelu Paretovho rozdelenia pravdepodobnosti.

Salvato in:
Dettagli Bibliografici
Autore principale: Pacáková, Viera
Altri autori: Peller, František
Natura: Capitolo di libro
Lingua:inglese
Soggetti:
Tags: Aggiungi Tag
Nessun Tag, puoi essere il primo ad aggiungerne!!

MARC

LEADER 00000naa a2200000 4500
001 r045391
005 20230918081743.7
041 0 |a eng 
044 |a SK 
245 1 0 |a Pareto distribution in non-life insurance  |c Viera Pacáková, František Peller 
520 |a Konkurenčné prostredie poistného trhu vyžaduje nové, exaktnejšie prístupy k riešeniu zásadných otázok činnosti poisťovní, ktorých základom je znalosť zákonov rozdelenia pravdepodobnosti počtu a výšky poistných plnení. Výhodné vlastnosti modelu Paretovho rozdelenia pravdepodobnosti. 
610 2 0 |a poistenie 
610 2 0 |a poisťovníctvo 
610 2 0 |a modely ekonomicko-matematické 
610 2 0 |a plnenie poistné 
610 2 0 |a parametre ekonomické 
100 1 |a Pacáková, Viera 
700 1 |a Peller, František